[Event "Mittelfranken-chTB2b 1718"]
[Site "Mittelfranken"]
[Date "2018.01.28"]
[Round "4.3"]
[White "Werner, Thomas"]
[Black "Mueller, Waldemar"]
[Result "1-0"]
[WhiteElo "1899"]
[BlackElo "1625"]
[PlyCount "53"]
[EventDate "2017.10.08"]
[EventType "team-tourn"]
[EventRounds "9"]
[EventCountry "GER"]
[SourceTitle "EXT 2022"]
[Source "ChessBase"]
[SourceDate "2021.10.06"]
[SourceVersion "1"]
[SourceVersionDate "2021.10.06"]
[SourceQuality "1"]
[WhiteTeam "Nuernberg Sued SW III"]
[BlackTeam "Schnaittach"]
[WhiteTeamCountry "GER"]
[BlackTeamCountry "GER"]

1. d4 Nf6 2. c4 g6 3. Nc3 Bg7 4. e4 d6 5. Nf3 0-0 6. Be2 e5 7. 0-0 Nc6 8. d5 Ne7 9. b4 Nh5 10. Re1 f5 11. Ng5 Nf6 12. Bf3 f4 13. Bb2 h6 14. Ne6 Bxe6 15. dxe6 Nc6 16. Nd5 Nxd5 17. cxd5 Nxb4 18. Qb3 Na6 19. Qxb7 Nc5 20. Qb5 Rb8 21. Qe2 Rxb2 22. Qxb2 Nd3 23. Qb7 Nxe1 24. Rxe1 Qe7 25. Rc1 Re8 26. Rxc7 Qf8 27. Rf7 1-0

[Event "Baden Wuerttemberg-ch Seniors op 2nd"]
[Site "Freudenstadt"]
[Date "2016.07.08"]
[Round "8"]
[White "Adibekian, Roubik"]
[Black "Mueller, Waldemar"]
[Result "1-0"]
[WhiteElo "2217"]
[BlackElo "2062"]
[PlyCount "57"]
[EventDate "2016.07.01"]
[EventType "swiss"]
[EventRounds "9"]
[EventCountry "GER"]
[SourceTitle "EXT 2019"]
[Source "ChessBase"]
[SourceDate "2018.10.10"]
[SourceVersion "1"]
[SourceVersionDate "2018.10.10"]
[SourceQuality "1"]

1. d4 c5 2. d5 Nf6 3. c4 e5 4. Nc3 d6 5. e4 g6 6. Bd3 Bg7 7. Nge2 0-0 8. 0-0 Nh5 9. f4 exf4 10. Nxf4 Bd4+ 11. Kh1 Ng7 12. Nfe2 Be5 13. Bf4 Nd7 14. b3 Bxf4 15. Nxf4 Ne5 16. Be2 h5 17. Nd3 Ng4 18. Bxg4 Bxg4 19. Qd2 Qe7 20. Rae1 f6 21. h3 Bd7 22. Rf2 Rae8 23. Qh6 g5 24. e5 dxe5 25. Ne4 Bf5 26. Rxf5 Nxf5 27. Qg6+ Ng7 28. Rf1 f5 29. Nxg5 1-0

[Event "Wuertemberg-ch Seniors 27th"]
[Site "Freudenstadt"]
[Date "2015.07.10"]
[Round "8"]
[White "Meyer, Thomas"]
[Black "Mueller, Waldemar"]
[Result "0-1"]
[WhiteElo "1816"]
[BlackElo "2110"]
[PlyCount "44"]
[EventDate "2015.07.03"]
[EventType "swiss"]
[EventRounds "9"]
[EventCountry "GER"]
[SourceTitle "EXT 2016"]
[Source "ChessBase"]
[SourceDate "2015.10.08"]
[SourceVersion "1"]
[SourceVersionDate "2015.10.08"]
[SourceQuality "1"]

1. d4 c5 2. d5 e5 3. c4 Nf6 4. Nc3 d6 5. e4 g6 6. Bd3 Bg7 7. f3 a6 8. Be3 Nbd7 9. Qd2 h5 10. Nge2 Rb8 11. 0-0 0-0 12. Bh6 Nh7 13. Bxg7 Kxg7 14. f4 exf4 15. Qxf4 Ne5 16. Qd2 Bd7 17. a4 b6 18. b3 Qh4 19. Ng3 Ng4 20. Nf5+ gxf5 21. h3 Ne5 22. exf5 Qd4+ 0-1

[Event "Wuertemberg-ch Seniors 27th"]
[Site "Freudenstadt"]
[Date "2015.07.10"]
[Round "9"]
[White "Mueller, Waldemar"]
[Black "Just, Gabriele"]
[Result "1/2-1/2"]
[WhiteElo "2110"]
[BlackElo "1948"]
[PlyCount "54"]
[EventDate "2015.07.03"]
[EventType "swiss"]
[EventRounds "9"]
[EventCountry "GER"]
[SourceTitle "EXT 2016"]
[Source "ChessBase"]
[SourceDate "2015.10.08"]
[SourceVersion "1"]
[SourceVersionDate "2015.10.08"]
[SourceQuality "1"]

1. e4 e6 2. d4 d5 3. Nc3 Bb4 4. e5 c5 5. a3 Bxc3+ 6. bxc3 Qc7 7. Bd2 Bd7 8. Nf3 Ba4 9. Bd3 Nc6 10. 0-0 h6 11. Re1 c4 12. Bf1 Nge7 13. g3 0-0-0 14. Rb1 g5 15. h3 Rdg8 16. Nh2 Rg6 17. Be2 Nf5 18. Bh5 Rgg8 19. Rc1 Ng7 20. Bf3 Qe7 21. Ra1 h5 22. Bg2 Nf5 23. g4 hxg4 24. Nxg4 Rg6 25. Ra2 Nh4 26. Re3 Qf8 27. Rg3 Ne7 1/2-1/2

[Event "Wuertemberg-ch Seniors 27th"]
[Site "Freudenstadt"]
[Date "2015.07.07"]
[Round "5"]
[White "Mueller, Waldemar"]
[Black "Smits, Oswald"]
[Result "1-0"]
[WhiteElo "2110"]
[BlackElo "1866"]
[PlyCount "75"]
[EventDate "2015.07.03"]
[EventType "swiss"]
[EventRounds "9"]
[EventCountry "GER"]
[SourceTitle "EXT 2016"]
[Source "ChessBase"]
[SourceDate "2015.10.08"]
[SourceVersion "1"]
[SourceVersionDate "2015.10.08"]
[SourceQuality "1"]

1. e4 e5 2. Nf3 Nc6 3. Bb5 a6 4. Ba4 Nf6 5. 0-0 b5 6. Bb3 Be7 7. Re1 0-0 8. c3 d6 9. h3 Bb7 10. d3 Na5 11. Bc2 c5 12. Nbd2 h6 13. Nf1 Nh7 14. Ng3 Bc8 15. a4 Bd7 16. axb5 axb5 17. Be3 Nc6 18. Qe2 Qc8 19. d4 cxd4 20. cxd4 Rxa1 21. Rxa1 exd4 22. Nxd4 Nxd4 23. Bxd4 Bf6 24. Bxf6 Nxf6 25. Rd1 Ne8 26. Qd3 g6 27. Bb3 Kh7 28. e5 Ng7 29. Qxd6 Be6 30. Bxe6 Nxe6 31. Qe7 Qc2 32. Rd7 Qc1+ 33. Kh2 Qc6 34. Rd6 Qc4 35. Rxe6 Qxe6 36. Qxf8 h5 37. f4 h4 38. Ne4 1-0

[Event "Wuertemberg-ch Seniors 27th"]
[Site "Freudenstadt"]
[Date "2015.07.06"]
[Round "4"]
[White "Duerr, Hanno"]
[Black "Mueller, Waldemar"]
[Result "1-0"]
[WhiteElo "1912"]
[BlackElo "2110"]
[PlyCount "149"]
[EventDate "2015.07.03"]
[EventType "swiss"]
[EventRounds "9"]
[EventCountry "GER"]
[SourceTitle "EXT 2016"]
[Source "ChessBase"]
[SourceDate "2015.10.08"]
[SourceVersion "1"]
[SourceVersionDate "2015.10.08"]
[SourceQuality "1"]

1. d4 c5 2. e3 e6 3. Nf3 Nf6 4. Nbd2 b6 5. Bd3 d5 6. b3 Bb7 7. Bb2 Be7 8. 0-0 0-0 9. Qe2 Nc6 10. a3 cxd4 11. exd4 g6 12. Rad1 Nh5 13. g3 Rc8 14. Rfe1 Ng7 15. Ne5 Nxe5 16. Qxe5 Bd6 17. Qe2 Qe7 18. Nf3 a5 19. Qe3 f6 20. Nh4 f5 21. Qc1 Qf6 22. Nf3 f4 23. g4 g5 24. Kg2 Rc7 25. Rh1 h5 26. h3 Bc8 27. Rde1 Bd7 28. Qd1 Rfc8 29. Ne5 Be8 30. Qe2 Re7 31. f3 Rcc7 32. c4 Bf7 33. gxh5 Nxh5 34. Ng4 Qg7 35. c5 Ng3 36. Qd2 Be5 37. Rh2 Bf6 38. Nxf6+ Qxf6 39. cxb6 Rc6 40. Qxa5 Kg7 41. Re5 Rb7 42. Qd2 Rcxb6 43. b4 Bg6 44. Bxg6 Qxg6 45. Qc1 Nf5 46. Kf2 Kf6 47. Rh1 Qh7 48. Qc5 Qh4+ 49. Ke2 Rb8 50. Bc3 Qg3 51. Rf1 Qxh3 52. Rf2 Qh1 53. Be1 Ng3+ 54. Kd1 Qh7 55. Qc2 Nf5 56. Rxf5+ Qxf5 57. Rg2 Qxc2+ 58. Kxc2 Rc6+ 59. Kb3 Rc1 60. Re2 Rbc8 61. b5 Rb1+ 62. Ka4 Rd1 63. b6 Rxd4+ 64. Kb5 Rcc4 65. b7 Rd3 66. b8Q Re3 67. Qf8+ Ke5 68. Qg7+ Kf5 69. Rg2 Rxf3 70. Qxg5+ Ke4 71. Qg6+ Ke3 72. Qxe6+ Re4 73. Qxd5 Rd4 74. Bd2+ Rxd2 75. Rxd2 1-0

[Event "Wuertemberg-ch Seniors 27th"]
[Site "Freudenstadt"]
[Date "2015.07.05"]
[Round "3"]
[White "Mueller, Waldemar"]
[Black "Grigat, Klaus Dieter"]
[Result "1/2-1/2"]
[WhiteElo "2110"]
[BlackElo "1944"]
[PlyCount "42"]
[EventDate "2015.07.03"]
[EventType "swiss"]
[EventRounds "9"]
[EventCountry "GER"]
[SourceTitle "EXT 2016"]
[Source "ChessBase"]
[SourceDate "2015.10.08"]
[SourceVersion "1"]
[SourceVersionDate "2015.10.08"]
[SourceQuality "1"]

1. e4 g6 2. d4 Bg7 3. Nc3 d6 4. Be3 c6 5. Nf3 Nf6 6. h3 Nbd7 7. Be2 b5 8. a3 Bb7 9. 0-0 0-0 10. Re1 Qc7 11. Nd2 a6 12. f4 e5 13. Nf3 exd4 14. Bxd4 c5 15. Bxf6 Nxf6 16. e5 dxe5 17. fxe5 Rad8 18. Qc1 Nd5 19. Nxd5 Bxd5 20. c4 Bxf3 21. Bxf3 Bxe5 1/2-1/2

[Event "Wuertemberg-ch Seniors 27th"]
[Site "Freudenstadt"]
[Date "2015.07.03"]
[Round "1"]
[White "Mueller, Waldemar"]
[Black "Woisetschlaeger, Adolf"]
[Result "1-0"]
[WhiteElo "2110"]
[BlackElo "1888"]
[PlyCount "47"]
[EventDate "2015.07.03"]
[EventType "swiss"]
[EventRounds "9"]
[EventCountry "GER"]
[SourceTitle "EXT 2016"]
[Source "ChessBase"]
[SourceDate "2015.10.08"]
[SourceVersion "1"]
[SourceVersionDate "2015.10.08"]
[SourceQuality "1"]

1. e4 e6 2. d4 d5 3. Nc3 dxe4 4. Nxe4 Nd7 5. Nf3 Ngf6 6. Ng3 c5 7. Bd3 cxd4 8. Nxd4 Bc5 9. Nb3 0-0 10. 0-0 Bb6 11. Qe2 Qc7 12. Bg5 h6 13. Bd2 a5 14. Bc3 a4 15. Nd2 Qf4 16. Nde4 Ba5 17. Nxf6+ Nxf6 18. Be5 Qh4 19. h3 Bb6 20. Qf3 Ra5 21. Rfe1 Rd8 22. Bc3 Rc5 23. Bxf6 gxf6 24. Re4 1-0

[Event "Baden-ch Seniors"]
[Site "Waldshut Tiengen"]
[Date "2014.06.17"]
[Round "5"]
[White "Weller, Karl"]
[Black "Mueller, Waldemar"]
[Result "1/2-1/2"]
[WhiteElo "1972"]
[BlackElo "2130"]
[PlyCount "163"]
[EventDate "2014.06.14"]
[EventType "swiss"]
[EventRounds "9"]
[EventCountry "GER"]
[SourceTitle "EXT 2015"]
[Source "ChessBase"]
[SourceDate "2014.11.20"]
[SourceVersion "1"]
[SourceVersionDate "2014.11.20"]
[SourceQuality "1"]

1. c4 e6 2. e4 c5 3. Nf3 Nc6 4. d4 cxd4 5. Nxd4 Bb4+ 6. Nc3 Nf6 7. Nxc6 bxc6 8. Bd3 Qa5 9. Bd2 Qc7 10. Qe2 d6 11. 0-0 0-0 12. Rac1 a5 13. Be3 Nd7 14. f4 Bc5 15. Rf3 Bxe3+ 16. Rxe3 Nc5 17. Bb1 Nd7 18. Kh1 Qb6 19. Qd2 Rd8 20. Rd3 d5 21. Na4 Qb4 22. cxd5 cxd5 23. Rd4 Qxd2 24. Rxd2 Nf6 25. Rcd1 Bb7 26. Nc3 Rac8 27. Kg1 Kf8 28. exd5 Nxd5 29. Nxd5 Rxd5 30. Rxd5 Bxd5 31. b3 Ke7 32. f5 h6 33. fxe6 fxe6 34. Kf2 Rc3 35. Rd2 Kd6 36. Rc2 Rxc2+ 37. Bxc2 Kc5 38. a3 Kd4 39. b4 Kc3 40. Bd1 axb4 41. axb4 Kxb4 42. g3 Kc5 43. Ke3 e5 44. Be2 Kd6 45. h4 Ke6 46. Bd3 Bg2 47. Bb1 Kf6 48. Bc2 Bh3 49. Bd3 Bf5 50. Be2 g5 51. Bd1 Bg6 52. Be2 Bc2 53. Bg4 Bb3 54. Bh3 Be6 55. hxg5+ hxg5 56. Bf1 Bf5 57. Be2 Ke6 58. Bc4+ Kd6 59. Ba6 Kc5 60. Be2 Bc2 61. Bf3 Bb1 62. Be2 Kd5 63. Bg4 Bg6 64. Bc8 Bf7 65. Bg4 Kd6 66. Bf3 Ke6 67. Bg4+ Kf6 68. Bh3 Be6 69. Bf1 Bf5 70. Be2 Bh3 71. Bd3 Bg2 72. Bc2 Bd5 73. Bd3 Be6 74. Be4 Bf5 75. Bf3 g4 76. Bd5 Bc2 77. Bg8 Bd1 78. Bc4 Bf3 79. Bd3 Ke6 80. Ba6 Kd6 81. Bc4 Kc5 82. Be6 1/2-1/2

[Event "Baden-ch Seniors"]
[Site "Waldshut Tiengen"]
[Date "2014.06.16"]
[Round "4"]
[White "Mueller, Waldemar"]
[Black "Seyffarth, Renate"]
[Result "1-0"]
[WhiteElo "2130"]
[BlackElo "1947"]
[PlyCount "53"]
[EventDate "2014.06.14"]
[EventType "swiss"]
[EventRounds "9"]
[EventCountry "GER"]
[SourceTitle "EXT 2015"]
[Source "ChessBase"]
[SourceDate "2014.11.20"]
[SourceVersion "1"]
[SourceVersionDate "2014.11.20"]
[SourceQuality "1"]

1. e4 e6 2. d4 d5 3. Nc3 Nf6 4. e5 Nfd7 5. f4 c5 6. Nf3 Nc6 7. Be3 cxd4 8. Nxd4 Be7 9. Be2 0-0 10. Qd2 Nxd4 11. Bxd4 f6 12. exf6 Nxf6 13. 0-0-0 Bb4 14. Qe3 Bd7 15. a3 Bd6 16. Kb1 a6 17. Be5 Qc7 18. g4 Bxe5 19. fxe5 Ne8 20. Rhf1 Qd8 21. Bd3 g6 22. Rxf8+ Kxf8 23. Qh6+ Kg8 24. h4 Ng7 25. Rf1 Qe7 26. h5 Rf8 27. Rxf8+ 1-0

[Event "Baden-ch Seniors"]
[Site "Waldshut Tiengen"]
[Date "2014.06.15"]
[Round "3"]
[White "Wolf, Walter"]
[Black "Mueller, Waldemar"]
[Result "1-0"]
[WhiteElo "2200"]
[BlackElo "2130"]
[PlyCount "69"]
[EventDate "2014.06.14"]
[EventType "swiss"]
[EventRounds "9"]
[EventCountry "GER"]
[SourceTitle "EXT 2015"]
[Source "ChessBase"]
[SourceDate "2014.11.20"]
[SourceVersion "1"]
[SourceVersionDate "2014.11.20"]
[SourceQuality "1"]

1. b3 Nf6 2. Bb2 d5 3. e3 e6 4. f4 Nbd7 5. Nf3 Be7 6. Be2 0-0 7. 0-0 c5 8. Qe1 Ne4 9. d3 Nd6 10. Nbd2 b5 11. e4 d4 12. c3 dxc3 13. Bxc3 Bb7 14. Qg3 f6 15. Qh3 f5 16. Kh1 Ne8 17. d4 a6 18. a4 Qb6 19. axb5 axb5 20. Rxa8 Bxa8 21. dxc5 Bxc5 22. b4 Be7 23. Nd4 Nc7 24. exf5 Nd5 25. Nxe6 Rf7 26. Bh5 Rf6 27. Bxf6 N7xf6 28. Qa3 Bc6 29. Bf3 Bxb4 30. Qd3 Be7 31. Ne4 Ne8 32. Qb3 b4 33. Rd1 Qe3 34. Qxe3 Nxe3 35. Rc1 1-0

[Event "Verbandsliga Nord Baden 1314"]
[Site "Germany"]
[Date "2014.02.16"]
[Round "6.8"]
[White "Hamid, Emran"]
[Black "Mueller, Waldemar"]
[Result "1/2-1/2"]
[WhiteElo "1893"]
[BlackElo "2130"]
[PlyCount "130"]
[EventDate "2013.10.20"]
[EventType "team-tourn"]
[EventRounds "9"]
[EventCountry "GER"]
[SourceTitle "EXT 2015"]
[Source "ChessBase"]
[SourceDate "2014.11.20"]
[SourceVersion "1"]
[SourceVersionDate "2014.11.20"]
[SourceQuality "1"]
[WhiteTeam "Pforzheim"]
[BlackTeam "Walldorf"]
[WhiteTeamCountry "GER"]
[BlackTeamCountry "GER"]

1. e4 c5 2. Nf3 d6 3. Bb5+ Nd7 4. d4 cxd4 5. Qxd4 a6 6. Bc4 Qb6 7. Qd3 Ngf6 8. Qe2 g6 9. c3 Bg7 10. Be3 Qc7 11. Nbd2 0-0 12. h3 Nc5 13. Bxc5 dxc5 14. a4 Nh5 15. 0-0 Bd7 16. e5 Nf4 17. Qe4 Bh6 18. Kh2 Rad8 19. g3 Ne6 20. Bd5 Bxd2 21. Nxd2 Ng5 22. Qe3 Bxh3 23. Bg2 Bxg2 24. Kxg2 Qc6+ 25. f3 f6 26. Rh1 c4 27. Raf1 Qxa4 28. Ne4 Nxe4 29. Qxe4 Rd2+ 30. Rf2 Rxf2+ 31. Kxf2 Qb5 32. exf6 Qb6+ 33. Kg2 Qxf6 34. Qxc4+ Kg7 35. Qe4 b5 36. Rd1 Rf7 37. Rd4 Qf5 38. Qe2 Qc5 39. Re4 h5 40. Re6 b4 41. Qe4 Qf5 42. cxb4 Qxe4 43. fxe4 Rf6 44. Rxe7+ Kf8 45. Rc7 Rb6 46. Rc4 Rf6 47. e5 Re6 48. Re4 g5 49. Kf3 Ke7 50. Ke3 Rc6 51. Rd4 Rc2 52. Ke4 Rg2 53. Rd6 Rxg3 54. Rxa6 h4 55. Kf5 h3 56. Ra7+ Kd8 57. Rh7 g4 58. b5 Rg2 59. b6 Rxb2 60. Kxg4 h2 61. Kf5 Rxb6 62. Rxh2 Ke7 63. Rh7+ Ke8 64. Rc7 Ra6 65. Rc5 Ke7 1/2-1/2

[Event "Baden-ch Seniors"]
[Site "Birkenfeld"]
[Date "2013.06.01"]
[Round "8"]
[White "Mueller, Waldemar"]
[Black "Schrems, Hermann"]
[Result "1-0"]
[WhiteElo "2107"]
[BlackElo "2132"]
[PlyCount "52"]
[EventDate "2013.05.25"]
[EventType "swiss"]
[EventRounds "9"]
[EventCountry "GER"]
[SourceTitle "EXT 2014"]
[Source "ChessBase"]
[SourceDate "2013.11.20"]
[SourceVersion "1"]
[SourceVersionDate "2013.11.20"]
[SourceQuality "1"]

1. e4 Nf6 2. e5 Nd5 3. d4 d6 4. c4 Nb6 5. exd6 exd6 6. Nf3 Nc6 7. Nc3 Bg4 8. Bd3 Nxd4 9. Be4 Nxf3+ 10. gxf3 Bc8 11. Qc2 g6 12. Be3 Bg7 13. 0-0-0 0-0 14. c5 Nc4 15. cxd6 Nxd6 16. h4 Qe7 17. Nd5 Qd7 18. Nxc7 Rb8 19. Bxa7 Bh6+ 20. Kb1 Nxe4 21. Rxd7 Nd2+ 22. Rxd2 Bf5 23. Qxf5 gxf5 24. Rg1+ Kh8 25. Rd7 Rbc8 26. Bd4+ f6 1-0

[Event "Baden-ch Seniors"]
[Site "Birkenfeld"]
[Date "2013.05.27"]
[Round "3"]
[White "Dushatskiy, Fedor"]
[Black "Mueller, Waldemar"]
[Result "0-1"]
[WhiteElo "2172"]
[BlackElo "2107"]
[PlyCount "158"]
[EventDate "2013.05.25"]
[EventType "swiss"]
[EventRounds "9"]
[EventCountry "GER"]
[SourceTitle "EXT 2014"]
[Source "ChessBase"]
[SourceDate "2013.11.20"]
[SourceVersion "1"]
[SourceVersionDate "2013.11.20"]
[SourceQuality "1"]

1. e4 c5 2. Nf3 Nc6 3. d4 cxd4 4. Nxd4 Nf6 5. Nc3 e5 6. Ndb5 d6 7. Nd5 Nxd5 8. exd5 Ne7 9. c3 Nf5 10. a4 Be7 11. Bd3 a6 12. Na3 0-0 13. 0-0 Bg5 14. Nc4 Bxc1 15. Rxc1 Re8 16. Re1 g6 17. a5 Ng7 18. b4 Bf5 19. Nb6 Rb8 20. c4 e4 21. Bf1 Qg5 22. Rc3 Nh5 23. Rc1 Qf6 24. c5 dxc5 25. bxc5 Nf4 26. c6 bxc6 27. dxc6 Nd3 28. Bxd3 exd3 29. c7 Rxe1+ 30. Qxe1 Rf8 31. h3 Qg5 32. Rc5 d2 33. Qe2 Bd3 34. Rxg5 Bxe2 35. Rd5 d1Q+ 36. Rxd1 Bxd1 37. c8Q Rxc8 38. Nxc8 Kf8 39. Kf1 Ke8 40. Ke1 Bb3 41. Nb6 Ke7 42. Kd2 Kd6 43. Kc3 Be6 44. Kb4 g5 45. Na4 Kd5 46. Nc5 Bc8 47. Nb3 h5 48. Nd2 Bd7 49. f3 f5 50. Kc3 h4 51. Kd3 Ke5 52. Ke3 Be6 53. Nb1 Bc4 54. Nc3 Bf1 55. Kf2 Bd3 56. Ke3 Bc2 57. Ne2 f4+ 58. Kd2 Ba4 59. Nc3 Bc6 60. Kd3 Bd7 61. Kd2 Bf5 62. Ne2 Kd5 63. Kc3 Bb1 64. Nd4 Bg6 65. Nb3 Bf5 66. Nd4 Bd7 67. Kd3 Bc8 68. Kc3 Bb7 69. Kd3 Kd6 70. Kc3 Bd5 71. Kd3 Kc5 72. Nc2 Ba2 73. Nd4 Kd5 74. Kc3 Bc4 75. Ne6 Bf1 76. Nxg5 Bxg2 77. Kb4 Bf1 78. Ne4 Bxh3 79. Nc5 Kd4 0-1

[Event "Baden-ch Seniors"]
[Site "Emmendingen"]
[Date "2012.06.07"]
[Round "6"]
[White "Weller, Karl"]
[Black "Mueller, Waldemar"]
[Result "1-0"]
[WhiteElo "1990"]
[BlackElo "2124"]
[PlyCount "127"]
[EventDate "2012.06.02"]
[EventType "swiss"]
[EventRounds "9"]
[EventCountry "GER"]
[SourceTitle "CBM 148 Extra"]
[Source "ChessBase"]
[SourceDate "2012.06.22"]
[SourceVersion "1"]
[SourceVersionDate "2012.06.22"]
[SourceQuality "1"]

1. c4 e5 2. Nc3 Nc6 3. Nf3 Nf6 4. d4 exd4 5. Nxd4 Be7 6. e4 0-0 7. Be2 Bb4 8. f3 d6 9. Be3 Ba5 10. Qd2 Nxd4 11. Bxd4 Bb6 12. 0-0-0 Bd7 13. c5 Ba5 14. cxd6 cxd6 15. Bxf6 Qxf6 16. Qxd6 Be6 17. Nd5 Qg5+ 18. Kb1 Rfd8 19. Qg3 Qh6 20. Bc4 Rab8 21. Qe5 Bxd5 22. Rxd5 Re8 23. Qd6 Qxd6 24. Rxd6 Red8 25. Rhd1 Bc7 26. Rd7 Rxd7 27. Rxd7 Bxh2 28. Rxf7 Kh8 29. Bd5 Be5 30. Rxb7 Rxb7 31. Bxb7 g5 32. g4 Kg7 33. b4 Bc3 34. a3 Kf6 35. Kc2 Bd4 36. Kd3 Ke5 37. a4 Bf2 38. a5 Kd6 39. Kc4 Kc7 40. Ba8 Kd6 41. Bb7 Kc7 42. Ba6 Kd6 43. Bb5 Ke5 44. Bc6 Kd6 45. Bd5 Be1 46. Kb5 Bd2 47. Ka4 h6 48. Ba8 Be1 49. b5 Bc3 50. b6 axb6 51. axb6 Kc5 52. Kb3 Be5 53. Ka4 Bc3 54. e5 Bxe5 55. Ka5 Bd6 56. Ka6 Bb8 57. Kb7 Bf4 58. Ka7 Kb5 59. b7 Be3+ 60. Kb8 Kc5 61. Kc8 Bf4 62. b8Q Bxb8 63. Kxb8 Kd6 64. Kc8 1-0

[Event "Verbandsliga Nord Baden 1112"]
[Site "Germany"]
[Date "2011.11.27"]
[Round "3.7"]
[White "Mueller, Waldemar"]
[Black "Kuci, Blerim"]
[Result "0-1"]
[WhiteElo "2124"]
[BlackElo "2204"]
[PlyCount "76"]
[EventDate "2011.10.09"]
[EventType "team-tourn"]
[EventRounds "9"]
[EventCountry "GER"]
[SourceTitle "EXT 2013"]
[Source "ChessBase"]
[SourceDate "2012.11.22"]
[SourceVersion "1"]
[SourceVersionDate "2012.11.22"]
[SourceQuality "1"]
[WhiteTeam "Walldorf"]
[BlackTeam "Hockenheim II"]
[WhiteTeamCountry "GER"]
[BlackTeamCountry "GER"]

1. e4 e5 2. Nf3 Nc6 3. Bb5 d6 4. 0-0 Bg4 5. h3 Bd7 6. c3 Nf6 7. Re1 a6 8. Ba4 b5 9. Bc2 Be7 10. d4 0-0 11. Nbd2 a5 12. Nf1 Re8 13. Ne3 Bf8 14. Nd5 h6 15. a4 b4 16. Bd2 exd4 17. cxb4 axb4 18. Bxb4 Nxb4 19. Nxb4 c5 20. Nd5 Nxd5 21. exd5 g6 22. Rxe8 Qxe8 23. Nd2 Bc8 24. Ne4 Qd8 25. Qf3 Bb7 26. Re1 Kg7 27. Bb3 Ba6 28. Qd1 Rb8 29. Nd2 Qa5 30. f4 Qb4 31. f5 c4 32. Bc2 d3 33. Bb1 Qc5+ 34. Kh1 Qxd5 35. fxg6 fxg6 36. Qg4 Rxb2 37. Ne4 Qf5 38. Qh4 g5 0-1

[Event "Verbandsliga Nord Baden 0910"]
[Site "Baden"]
[Date "2010.12.12"]
[Round "4.8"]
[White "Mueller, Waldemar"]
[Black "Pfenning, Uwe"]
[Result "1-0"]
[WhiteElo "2132"]
[BlackElo "1802"]
[PlyCount "107"]
[EventDate "2010.10.17"]
[EventType "team-tourn"]
[EventRounds "9"]
[EventCountry "GER"]
[SourceTitle "EXT 2012"]
[Source "ChessBase"]
[SourceDate "2011.11.24"]
[SourceVersion "1"]
[SourceVersionDate "2011.11.24"]
[SourceQuality "1"]
[WhiteTeam "Walldorf"]
[BlackTeam "Viernheim II"]
[WhiteTeamCountry "GER"]
[BlackTeamCountry "GER"]

1. e4 e5 2. Nf3 Nc6 3. Bb5 d6 4. 0-0 Nf6 5. d4 exd4 6. Nxd4 Bd7 7. Nc3 Nxd4 8. Qxd4 Bxb5 9. Nxb5 a6 10. Nc3 Be7 11. Bf4 0-0 12. Rad1 Re8 13. e5 dxe5 14. Qxe5 Bd6 15. Qf5 Re6 16. Bg5 h6 17. Bh4 Qf8 18. Rd3 Rae8 19. a3 Ne4 20. Nxe4 Rxe4 21. Bg3 R4e6 22. c4 Qe7 23. Bxd6 Rxd6 24. Re3 Re6 25. Rfe1 Qd6 26. Qd5 Rxe3 27. Rxe3 Rxe3 28. fxe3 Qxd5 29. cxd5 f5 30. Kf2 Kf7 31. e4 Kf6 32. Ke3 Ke5 33. exf5 Kxf5 34. Kd4 b6 35. b4 h5 36. a4 h4 37. b5 axb5 38. axb5 g5 39. d6 cxd6 40. Kd5 Kf4 41. Kxd6 Ke3 42. Kc7 Kf2 43. Kxb6 Kxg2 44. Kc5 Kxh2 45. b6 h3 46. b7 Kg2 47. b8Q h2 48. Qb2+ Kg1 49. Qd4+ Kg2 50. Qe4+ Kg1 51. Qg4+ Kh1 52. Qf3+ Kg1 53. Qg3+ Kh1 54. Qf2 1-0

[Event "GER-ch Seniors 22nd"]
[Site "Berlin"]
[Date "2010.08.24"]
[Round "9"]
[White "Mueller, Waldemar"]
[Black "Burger, Heinrich"]
[Result "0-1"]
[WhiteElo "1976"]
[BlackElo "2115"]
[PlyCount "120"]
[EventDate "2010.08.16"]
[EventType "swiss"]
[EventRounds "9"]
[EventCountry "GER"]
[SourceTitle "CBM 138 Extra"]
[Source "ChessBase"]
[SourceDate "2010.10.29"]
[SourceVersion "1"]
[SourceVersionDate "2010.10.29"]
[SourceQuality "1"]

1. e4 g6 2. d4 d6 3. Nc3 c6 4. Nf3 Bg7 5. Bc4 Nd7 6. 0-0 Nb6 7. Bb3 Qc7 8. a4 a5 9. Ng5 Nh6 10. f4 0-0 11. h3 e6 12. Be3 d5 13. g4 f6 14. Nf3 dxe4 15. Nxe4 Nd5 16. Qd2 f5 17. Bxd5 exd5 18. Nf2 fxg4 19. hxg4 Bxg4 20. Ne5 Bf5 21. Kg2 Nf7 22. Rh1 Nd6 23. Qe2 Ne4 24. Nfg4 h5 25. Nh2 Nf6 26. Rag1 Be4+ 27. Nhf3 Ng4 28. Kf1 Nxe5 29. dxe5 Bxe5 30. Rxg6+ Bxg6 31. Rg1 Bg7 32. Rxg6 Rae8 33. Qd3 Re4 34. Bd4 Rf7 35. Be5 Rxe5 36. fxe5 Qxe5 37. Kg2 Qf5 38. Rg5 Qxd3 39. cxd3 Kf8 40. b3 h4 41. Nxh4 Bf6 42. Ng6+ Ke8 43. Rg4 Rg7 44. Kf3 Kf7 45. Nf4 Rxg4 46. Kxg4 Be5 47. Ne2 Ke6 48. d4 Bg7 49. Kf3 Kd6 50. Ke3 c5 51. dxc5+ Kxc5 52. Kd3 Kb4 53. Kc2 Bh6 54. Nc3 d4 55. Nd5+ Ka3 56. Nb6 d3+ 57. Kxd3 Kxb3 58. Kd4 Kb4 59. Nd7 Bg5 60. Nc5 Be3+ 0-1

[Event "Baden-ch Seniors"]
[Site "Haslach im Kinzigtal"]
[Date "2010.06.05"]
[Round "9"]
[White "Striebich, Rudolf"]
[Black "Mueller, Waldemar"]
[Result "1-0"]
[WhiteElo "2188"]
[BlackElo "2132"]
[PlyCount "103"]
[EventDate "2010.05.29"]
[EventType "swiss"]
[EventRounds "9"]
[EventCountry "GER"]
[SourceTitle "EXT 2011"]
[Source "ChessBase"]
[SourceDate "2010.11.26"]
[SourceVersion "1"]
[SourceVersionDate "2010.11.26"]
[SourceQuality "1"]

1. c4 Nf6 2. Nc3 Nc6 3. Nf3 d5 4. cxd5 Nxd5 5. g3 e5 6. d3 Bb4 7. Bd2 0-0 8. Bg2 Be6 9. 0-0 h6 10. Nxd5 Bxd5 11. Bxb4 Nxb4 12. Nxe5 Bxg2 13. Kxg2 Qd4 14. Nf3 Qd5 15. a3 Nc6 16. b4 a5 17. Rb1 axb4 18. axb4 Ra3 19. Kg1 Re8 20. b5 Ne5 21. Nxe5 Qxe5 22. e3 Re6 23. d4 Qd5 24. Qc1 Ra2 25. Rb2 Rxb2 26. Qxb2 Rb6 27. Qc2 c6 28. bxc6 Rxc6 29. Qd3 f5 30. f3 Ra6 31. Kf2 Rb6 32. Re1 Rb3 33. Qd2 b5 34. e4 fxe4 35. fxe4 Qf7+ 36. Kg1 b4 37. d5 Rc3 38. e5 Qa7+ 39. Qf2 Qxf2+ 40. Kxf2 Rd3 41. d6 Kf7 42. Re3 Rd2+ 43. Ke1 Rd4 44. Ke2 Rd5 45. e6+ Ke8 46. d7+ Ke7 47. Rd3 Re5+ 48. Kf3 Kd8 49. Re3 Rf5+ 50. Kg4 Rg5+ 51. Kf4 Ke7 52. Rd3 1-0